000 01644nam0a2200349 4500
001 RU\NLR\bibl\93736
005 20260406001019.0
010 _a5-225-04509-Х
_93000
021 _aRU
_b2000-7805
_9388
035 _a(NLR Aleph) 000091589
090 _a514042
_c514042
100 _a20000622d1999 |||y0rusy50 ca
101 0 _arus
_deng
102 _aRU
105 _aa |||||||||
200 1 _aНеогнестрельные переломы челюстей
_eРуководство для врачей
_fМ.Б. Швырков, В.В. Афанасьев, В.С. Стародубцев
210 _aМ.
_cМедицина
_d1999
215 _a334,[1] с.
_cил., портр.
_d21
300 _aНа 2-й с. авт.: Швырков М.Б., д.м.н., проф., Афанасьев В.В., проф., Стародубцев В.С., доц.
300 _aРез. на англ. яз.
320 _aБиблиогр. в конце кн.
606 0 _aПереломы челюстей
_jРуководства, пособия и т.п.
_xТерапия
_91949188
_3RU\NLR\auth\661179131
686 _aР665.833.088я7
700 1 _aШвырков
_bМ. Б.
_gМихаил Борисович
_4070
701 1 _4070
_7ca
_8rus
_aАфанасьев
_bВ. В.
_cд-р мед. наук, стоматология
_f1946-
_gВасилий Владимирович
_993493
_3RU\NLR\auth\77110568
701 1 _aСтародубцев
_bВ. С.
_gВладимир Степанович
_4070
801 0 _aRU
_bNLR
_c20000622
_gPSBO
801 1 _aRU
_bNLR
_c20000622
852 _aNLR
_j2000-5/1311
942 _cBOOK
980 _aNB